Pays les plus proches de la Roumanie - Statistiques

Statistiques générales
  • Ce quiz a été pris 965 fois
  • Le résultat moyen est 18 sur 20
Statistiques - réponses
km pays % Correct
0 Ukraine
98%
220 Russie
96%
0 Bulgarie
95%
0 Hongrie
95%
235 Grèce
93%
0 Moldavie
93%
0 Serbie
93%
68 Slovaquie
91%
101 Pologne
88%
284 Slovénie
88%
201 Turquie
88%
156 Kosovo
87%
304 Autriche
86%
107 Croatie
86%
266 Albanie
85%
170 Macédoine du Nord
85%
221 Monténégro
84%
322 Tchèquie
84%
365 Biélorussie
82%
129 Bosnie- Herzégovine
82%
Aucun quiz correspondant
Distribution des résultats
% des personnes avec chaque résultat
Percentile par nombre de réponses
Votre historique - résultats
Vous n’avez pas pris ce quiz